Modern practice in mining. 2 vols (Record no. 86826)

MARC details
000 -LEADER
fixed length control field 00547cam a2200181 4500
001 - CONTROL NUMBER
control field D13698
008 - FIXED-LENGTH DATA ELEMENTS--GENERAL INFORMATION
fixed length control field 090401t xxu||||| |||| 00| 0 eng d
035 ## - SYSTEM CONTROL NUMBER
System control number (Sirsi) u11185
041 ## - LANGUAGE CODE
Language code of text/sound track or separate title eng
100 ## - MAIN ENTRY--PERSONAL NAME
Personal name Redmayne, Richard Augustine Studdert
Titles and words associated with a name Sir
Dates associated with a name 1865-1955
245 ## - TITLE STATEMENT
Title Modern practice in mining. 2 vols
260 ## - PUBLICATION, DISTRIBUTION, ETC.
Name of publisher, distributor, etc. Longmans Green
Date of publication, distribution, etc. 1908-09
350 ## - PRICE (NR) (BK AM CF MU VM SE) [OBSOLETE]
Price 0
520 ## - SUMMARY, ETC.
Summary, etc. Shelf 133; Vol 1 - Coal - its occurrence, value and methods of boring: vol 2 - The sinking of shafts
650 ## - SUBJECT ADDED ENTRY--TOPICAL TERM
Topical term or geographic name entry element MINERAL VALUATION
942 ## - ADDED ENTRY ELEMENTS (KOHA)
Suppress in OPAC 0
948 ## - LOCAL PROCESSING INFORMATION (OCLC); SERIES PART DESIGNATOR (RLIN)
c (OCLC) 04/03/1997
Holdings
Withdrawn status Lost status Source of classification or shelving scheme Damaged status Not for loan Home library Current library Shelving location Date acquired Total Checkouts Full call number Barcode Date last seen Copy number Price effective from Koha item type
    Other/Generic Classification Scheme     London London Basement 14/09/1999   SHELF 133 30022571 06/08/2019 1 06/08/2019 Reference material
    Other/Generic Classification Scheme     London London Basement 20/08/1991   SHELF 133 30022575 06/08/2019 2 06/08/2019 Reference material